000 00435nam a2200181Ia 4500
001 5083
005 20260306145842.0
008 260306t2014||||xx |||||||||||||| ||spa||
041 _aESP
082 _a332.678
_bS26
100 _aSapag Chain, Nassir
_eAUT
245 0 _aPreparación y evaluación de proyectos
260 _c2014
300 _a354 páginas :
_c27 cm.
650 _aGEN
654 _aCAN
942 _cLIB
_dJUS
_fJUS
_2ddc
_n
999 _c5083
_d5083